[Event "KIrov Shakhova Memorial 12th"]
[Site "Kirov"]
[Date "2019.10.20"]
[Round "11"]
[White "Kryukov, Denis"]
[Black "Sergeev, Konstantin Mikhailo"]
[Result "0-1"]
[WhiteElo "1386"]
[BlackElo "1686"]
[PlyCount "134"]
[EventDate "2019.10.05"]
[EventType "tourn"]
[EventRounds "11"]
[EventCountry "RUS"]
[SourceTitle "CBM 193 Extra"]
[Source "ChessBase"]
[SourceDate "2020.01.31"]
[SourceVersion "1"]
[SourceVersionDate "2020.01.31"]
[SourceQuality "1"]

1. d4 e6 2. c4 d5 3. Nc3 Nf6 4. Bg5 Be7 5. Nf3 b6 6. e3 0-0 7. cxd5 exd5 8. Bd3 h6 9. Bh4 Bg4 10. h3 Bh5 11. g4 Bg6 12. Bxg6 fxg6 13. Ne5 g5 14. Bg3 Bb4 15. Qb3 Bxc3+ 16. Qxc3 Ne4 17. Qc2 Nxg3 18. fxg3 Qd6 19. 0-0-0 c5 20. Kb1 Nc6 21. Nxc6 Qxc6 22. Rdf1 Qd6 23. Qg2 Rae8 24. Rf3 cxd4 25. exd4 Qg6+ 26. Ka1 Rxf3 27. Qxf3 Qe4 28. Qd1 Qe3 29. Rg1 Re4 30. a3 Qxd4 31. Qxd4 Rxd4 32. Kb1 Kf7 33. Kc2 Ke6 34. Rf1 Re4 35. Kd3 g6 36. Rc1 Kd6 37. Rc8 h5 38. gxh5 gxh5 39. Rb8 Kc6 40. Rc8+ Kb7 41. Rh8 h4 42. g4 Rf4 43. Ke3 d4+ 44. Kd3 Rf3+ 45. Kxd4 Rxh3 46. Rg8 Rh2 47. Rxg5 Rxb2 48. Rg7+ Kc6 49. Rxa7 h3 50. Rh7 h2 51. Kc3 Rg2 52. Rh5 Kd6 53. Kb3 Rg3+ 54. Kb2 Rg2+ 55. Kb3 Ke6 56. Kc3 Kd6 57. Kb3 Kc6 58. g5 Kd5 59. g6+ Ke6 60. Kb4 Kf6 61. Kb5 Kxg6 62. Rh3 Rb2+ 63. Kc6 Kg5 64. Kd5 Kg4 65. Rh8 Rb5+ 66. Ke4 Rh5 67. Rg8+ Kh3 0-1

[Event "KIrov Shakhova Memorial 12th"]
[Site "Kirov"]
[Date "2019.10.06"]
[Round "3"]
[White "Kryukov, Denis"]
[Black "Kuznetsov, Dmitri1111"]
[Result "1-0"]
[WhiteElo "1386"]
[BlackElo "1530"]
[PlyCount "137"]
[EventDate "2019.10.05"]
[EventType "tourn"]
[EventRounds "11"]
[EventCountry "RUS"]
[SourceTitle "CBM 193 Extra"]
[Source "ChessBase"]
[SourceDate "2020.01.31"]
[SourceVersion "1"]
[SourceVersionDate "2020.01.31"]
[SourceQuality "1"]

1. d4 Nf6 2. Bg5 e6 3. c4 Bb4+ 4. Nc3 b6 5. Nf3 Bb7 6. e3 d6 7. Be2 Nbd7 8. 0-0 Bxc3 9. bxc3 h6 10. Bh4 0-0 11. Nd2 c5 12. Bf3 Qc8 13. Bg3 d5 14. cxd5 exd5 15. Be2 Re8 16. Nf3 Ne4 17. Qd3 Nxg3 18. hxg3 a6 19. Rab1 Qc6 20. Rb2 Rab8 21. Rfb1 Rec8 22. Nd2 Qf6 23. Bg4 cxd4 24. cxd4 Bc6 25. Bxd7 Bxd7 26. Qxa6 Ra8 27. Qxb6 Qxb6 28. Rxb6 Rxa2 29. Nf3 Rcc2 30. Rf1 Bf5 31. Rb3 Be4 32. Ne5 f6 33. Nd3 Bxd3 34. Rxd3 Kf7 35. Rb3 Ke6 36. Rb7 g6 37. Rg7 Kf5 38. Rg8 h5 39. Rd8 Ke4 40. Rd6 Kf5 41. Rxd5+ Ke6 42. Rb5 Rd2 43. Rbb1 Re2 44. Rbe1 Red2 45. Rc1 g5 46. Rc5 f5 47. Rc6+ Kf7 48. Rh6 f4 49. gxf4 gxf4 50. exf4 Rxd4 51. g3 h4 52. Rxh4 Kg6 53. Rg4+ Kf5 54. Rg5+ Kf6 55. Kg2 Rdd2 56. Re5 Rdc2 57. Re3 Kf5 58. Rf3 Rc4 59. Re1 Raa4 60. Re5+ Kf6 61. Rd3 Ra6 62. Kf3 Rc2 63. Rde3 Rb2 64. g4 Rb4 65. g5+ Kf7 66. Re7+ Kf8 67. Re8+ Kf7 68. R3e7+ Kg6 69. Re6+ 1-0

[Event "KIrov Shakhova Memorial 12th"]
[Site "Kirov"]
[Date "2019.10.06"]
[Round "4"]
[White "Shuljya, Alexander"]
[Black "Kryukov, Denis"]
[Result "1-0"]
[WhiteElo "1680"]
[BlackElo "1386"]
[PlyCount "137"]
[EventDate "2019.10.05"]
[EventType "tourn"]
[EventRounds "11"]
[EventCountry "RUS"]
[SourceTitle "CBM 193 Extra"]
[Source "ChessBase"]
[SourceDate "2020.01.31"]
[SourceVersion "1"]
[SourceVersionDate "2020.01.31"]
[SourceQuality "1"]

1. d4 d5 2. Nf3 e6 3. e3 Nf6 4. Nbd2 b6 5. Bd3 Bb7 6. 0-0 c5 7. c3 Nbd7 8. Re1 Be7 9. e4 0-0 10. e5 Ne8 11. Nf1 Rc8 12. Ng3 cxd4 13. cxd4 Nc7 14. Qe2 Nb8 15. a3 Ba6 16. Rd1 Bxd3 17. Rxd3 Nc6 18. b4 Qd7 19. Bd2 Nb5 20. a4 Nc7 21. Qe1 Nd8 22. b5 Nb7 23. Rc1 Rfd8 24. Nh5 Ne8 25. Rdc3 Rxc3 26. Rxc3 Na5 27. Qc1 Nc4 28. Bf4 Bb4 29. Rc2 Be7 30. Nd2 Nxd2 31. Bxd2 g6 32. Nf4 Bg5 33. g3 Qb7 34. h4 Bh6 35. Rc6 Bf8 36. h5 Rd7 37. hxg6 hxg6 38. Nh3 Rc7 39. Bg5 Rxc6 40. Qxc6 Qb8 41. Qd7 Ng7 42. Bf6 Nf5 43. Ng5 Nh6 44. Kg2 Qa8 45. Qc7 Bb4 46. Bd8 Bf8 47. Qd7 Qb8 48. Qc7 Qa8 49. Bf6 a6 50. Qxb6 axb5 51. axb5 Qa2 52. Qb8 Ng4 53. Nh3 Qc2 54. Be7 Qe4+ 55. Kf1 Qd3+ 56. Ke1 Qc3+ 57. Ke2 Qc2+ 58. Ke1 Qc1+ 59. Ke2 Qc2+ 60. Kf1 Qb1+ 61. Ke2 Qc2+ 62. Kf1 Qb1+ 63. Kg2 Qe4+ 64. f3 Qe2+ 65. Nf2 Ne3+ 66. Kh3 Qf1+ 67. Kh4 Qxf2 68. Qxf8+ Kh7 69. Qxf7+ 1-0